| 000 | 00346cam a22001097a 4500 | ||
|---|---|---|---|
| 008 | 180718b1962 xxu||||| |||| 00| 0 eng d | ||
| 082 | _aP04x5441 G949 | ||
| 245 |
_aGujarat Education Cess Act, 1962 _cby Legal Department, Ahmedabad |
||
| 260 |
_aAhmedabad _bThe Government Cenral Press _c1962 |
||
| 500 | _a406-416p | ||
| 700 | _aIndia. Legal Department | ||
| 999 |
_c495322 _d495322 |
||